[Event "FIDE World Uni Blitz-C 1st"]
[Site "Tornelo INT"]
[Date "2021.03.13"]
[Round "3.105"]
[White "Akok, Benjamin"]
[Black "Pereira, Tiago Luis"]
[Result "0-1"]
[WhiteElo "1104"]
[BlackElo "1385"]
[PlyCount "46"]
[EventDate "2021.03.13"]
[EventType "swiss (blitz)"]
[EventRounds "10"]
[EventCountry "NET"]
[SourceTitle "EXT 2022"]
[Source "ChessBase"]
[SourceDate "2021.10.06"]
[SourceVersion "1"]
[SourceVersionDate "2021.10.06"]
[SourceQuality "1"]

1. e4 c5 2. Nf3 e6 3. d4 cxd4 4. Nxd4 Nf6 5. Nc3 Be7 6. Bd3 d5 7. e5 Nfd7 8. f4 Nc6 9. Nxc6 bxc6 10. Be3 0-0 11. Qh5 g6 12. Qg4 c5 13. f5 exf5 14. Bxf5 d4 15. Bh6 dxc3 16. bxc3 Nxe5 17. Qg3 Bh4 18. Qxh4 Qxh4+ 19. g3 Qxh6 20. Bd3 Nxd3+ 21. cxd3 Re8+ 22. Kf2 Bh3 23. d4 Qe3# 0-1

[Event "FIDE World Uni Blitz-C 1st"]
[Site "Tornelo INT"]
[Date "2021.03.13"]
[Round "6.54"]
[White "Pereira, Tiago Luis"]
[Black "Herrera, Diego"]
[Result "0-1"]
[WhiteElo "1385"]
[BlackElo "1832"]
[PlyCount "122"]
[EventDate "2021.03.13"]
[EventType "swiss (blitz)"]
[EventRounds "10"]
[EventCountry "NET"]
[SourceTitle "EXT 2022"]
[Source "ChessBase"]
[SourceDate "2021.10.06"]
[SourceVersion "1"]
[SourceVersionDate "2021.10.06"]
[SourceQuality "1"]

1. d4 Nf6 2. Nf3 g6 3. c4 d6 4. Nc3 Bg7 5. Bf4 0-0 6. Qd2 c6 7. Bh6 Qa5 8. Bxg7 Kxg7 9. e3 Bg4 10. Be2 Nbd7 11. 0-0 Nb6 12. h3 Bxf3 13. Bxf3 Nxc4 14. Qc2 Nb6 15. b3 Nfd5 16. Rac1 Nxc3 17. Qxc3 Qxc3 18. Rxc3 Rac8 19. Rfc1 Rfd8 20. a4 e5 21. Bg4 f5 22. Be2 Nd5 23. Rc4 f4 24. dxe5 dxe5 25. Bf3 fxe3 26. fxe3 Nxe3 27. Rc5 Kf6 28. Re1 Nd5 29. Kf2 Ke6 30. Bg4+ Kd6 31. Rc4 Rf8+ 32. Kg3 Rce8 33. Rce4 Rf4 34. Bf3 Rxe4 35. Rxe4 Rf8 36. Rh4 h5 37. Re4 Rf4 38. Rxf4 exf4+ 39. Kh4 Ke5 40. Kg5 Ne7 41. h4 Nf5 42. Kxg6 Nxh4+ 43. Kxh5 Nxf3 44. gxf3 Kd4 45. Kg4 Ke3 46. Kf5 Kxf3 47. b4 Kg3 48. Ke4 f3 49. Ke5 f2 50. Kd6 f1Q 51. Kc7 Qa6 52. b5 cxb5 53. axb5 Qxb5 54. Kb8 Qd7 55. Kxa7 b5+ 56. Ka6 b4 57. Ka5 Qb7 58. Ka4 b3 59. Ka3 b2 60. Ka4 b1R 61. Ka5 Ra1# 0-1

[Event "FIDE World Uni Blitz-C 1st"]
[Site "Tornelo INT"]
[Date "2021.03.13"]
[Round "5.70"]
[White "Pereira, Tiago Luis"]
[Black "Kunal, Das"]
[Result "1-0"]
[WhiteElo "1385"]
[BlackElo "1655"]
[PlyCount "73"]
[EventDate "2021.03.13"]
[EventType "swiss (blitz)"]
[EventRounds "10"]
[EventCountry "NET"]
[SourceTitle "EXT 2022"]
[Source "ChessBase"]
[SourceDate "2021.10.06"]
[SourceVersion "1"]
[SourceVersionDate "2021.10.06"]
[SourceQuality "1"]

1. d4 Nf6 2. Nf3 e6 3. c4 g6 4. Nc3 Bg7 5. Bg5 d5 6. Qd2 dxc4 7. Bh6 0-0 8. Bxg7 Kxg7 9. e3 b6 10. Bxc4 Bb7 11. Be2 Nc6 12. a3 Ne7 13. 0-0 Ned5 14. Rac1 Rc8 15. Nxd5 Bxd5 16. Ne5 Ne4 17. Qd1 Qg5 18. Bf3 f5 19. Nd3 f4 20. Nxf4 Rf7 21. Bxe4 Bxe4 22. Nxe6+ Kh6 23. Nxg5 Kxg5 24. h3 Kh6 25. Qg4 Bf5 26. Qe2 Kg7 27. Rc3 Be4 28. Rfc1 Bf5 29. Qa6 Rcf8 30. Rxc7 Be6 31. Rxf7+ Rxf7 32. Qd3 Bf5 33. e4 Be6 34. f3 Bd7 35. d5 Re7 36. Qd4+ Kh6 37. Rc7 1-0